000
00341cam a2200145ua 4500
041
_a
eng
_h
082
_a
823.308
_b
HAW/WON
100
_a
Hawthern, Nathaniel .
245
_a
Wonder book /
_c
Hawthern.
_h
Textual Documents
260
_a
London :
_b
Longman ,
_c
1964.
300
_a
138 ; .
504
_a
942
_c
BK
999
_c
12478
_d
12478